Normal view
MARC view
Entry Topical Term
001 - CONTROL NUMBER
- control field: 870375
003 - CONTROL NUMBER IDENTIFIER
- control field: OSt
005 - DATE AND TIME OF LATEST TRANSACTION
- control field: 20260114155038.0
008 - FIXED-LENGTH DATA ELEMENTS
- fixed length control field: 260114|| aca||aabn | a|a d
040 ## - CATALOGING SOURCE
- Original cataloging agency: OSt
- Transcribing agency: OSt
150 ## - HEADING--TOPICAL TERM
- Topical term or geographic name entry element: हिन्दी साहित्य
670 ## - SOURCE DATA FOUND
- Source citation: Work cat.: (OSt)1469861: यादव, मुनेश, ले. 870374, हिंदी सिनेमा और भारत के सामाजिक - राजनीतिक विमर्श की गतिकी (1985 से मई 2019 तक), 2024
